000 00638nam a2200217Ia 4500
003 GCL
008 140319s9999 xx 000 0 eng d
040 _aGCL /
_cGCL
082 0 4 _a387.7
_bF A
100 1 _aFEDERAL AVIATION ADMINISTRATION
245 1 0 _aAIRCRAFT MANUFACTURING /
_cFEDERAL AVIATION ADMINISTRATION
260 _aنيويورك :
_bFEDRAL AVIATION ADMINISTRATION
300 _a24 CM ؛
_c110 P
490 _aAVIATION CAREERS SERIES
_v0
650 0 4 _aAVIATION
650 0 4 _aAVIATION - SAFETY
650 0 4 _aAVIATION - EDUCATION
650 0 4 _aAVIATION - UNITED STATES
650 0 4 _aFLIGHT ENGINEERS
942 _2ddc
_cBK
999 _c15620
_d15620